000 00637nam a22001817a 4500
999 _c174960
_d174960
005 20200728153405.0
010 _aENG-128296
020 _c445.00
_a9789352837205
035 _aEN-111828
037 _bDBAD/PUB
082 _a620.106
_2rev ed.
100 _aRajput,R.K
245 _aA textbook of fluid Mechanics/
_cby R.K. Rajput
_bfluid Mechanics and Hydraulic Machines Part-1
260 _aNew Delhi
_bS.Chand
_c2019
270 _aHead Office:7361,Ram Nagar,Qutab Rord
_bNew Delhi
_e110055
_k23672080
_l91-11-23677446
_minfo@schandpublishing.com
300 _axxii;1025p.
_c24cm(pbk)
942 _2ddc
_cEN
_h620.106
_mRAJ